Who's afraid of linguistics? : A manual for elementary school and middle school teachers /

Bibliographic Details
Main Author: Hughes, Theone
Other Authors: Malmstrom, Jean
Format: Book
Language:English
Published: Ann Arbor, Mich. : Michigan Council of Teachers of English, [1968]
Subjects:

MARC

Tag First Indicator Second Indicator Subfields
LEADER 00000cam a2200000 a 4500
001 in00000351663
005 20151011064706.0
008 720829s1968 miua 00010 eng d
035 |a (OCoLC)00394652 
035 |9 ABN4903AM 
040 |a YNG  |c YNG  |d TXA  |d UtOrBLW 
049 |a TXAM  |c [1808962] 
090 |a LB1576  |b  H79 1968 
100 1 |a Hughes, Theone. 
245 1 0 |a Who's afraid of linguistics? :  |b A manual for elementary school and middle school teachers /  |c edited by Theone Hughes and Jean Malmstrom, under the auspices of the language and linguistics study committee of the Michigan Council of Teachers of English. 
264 1 |a Ann Arbor, Mich. :  |b Michigan Council of Teachers of English,  |c [1968] 
264 4 |c ©1968 
300 |a v, 52 pages :  |b illustrations ;  |c 28 cm. 
336 |a text  |b txt  |2 rdacontent 
337 |a unmediated  |b n  |2 rdamedia 
338 |a volume  |b nc  |2 rdacarrier 
650 0 |a English language  |x Study and teaching (Elementary) 
650 0 |a English language  |x Study and teaching (Secondary) 
700 1 |a Malmstrom, Jean. 
999 |a MARS 
999 f f |s c5355aa2-83fb-3d4c-bdee-6885ae0f167c  |i df80206e-3954-3b95-8f8b-44ece59c5fcf  |t 0 
952 f f |p normal  |a Texas A&M University  |b College Station  |c Sterling C. Evans Library  |d Evans: Library Stacks  |t 0  |e LB1576 H79 1968  |h Library of Congress classification  |i unmediated -- volume  |m A14807353370 
998 f f |a LB1576 H79 1968  |t 0  |l Evans: Library Stacks